000 00361nam a2200133Ia 4500
008 231129s1981||||xx |||||||||||||| ||spa||
040 _bspa
082 _aCo861 M516v
100 _aMejia Vallejo Manuel
245 0 _aEl viento lo dijo : Decimas
260 _c1981
264 _aEdiciones Literatura Arte y Ciencia Universidad de Antioquia
942 _2ddc
_cBKS
999 _c12684
_d12684